[Event "Summer Prague Open 2023 - A"]
[Site "Olympik hotel, Sokolovska 138, Praha"]
[Date "2023.08.06"]
[Round "4"]
[Board "13"]
[White "Schirm, Friedmar"]
[Black "Sadeghi, Hassan Roger"]
[Result "1-0"]
[WhiteElo "2235"]
[BlackElo "2050"]
[PlyCount "0"]
[EventDate "2023.08.04"]
[EventRounds "9"]
[EventCountry "CZE"]

1. Nf3 g6 2. d4 Bg7 3. e4 c5 4. dxc5 Qa5+ 5. c3 Qxc5 6. Be3 Qc7 7. Bd4 e5 8. Be3
Nf6 9. Na3 O-O 10. Nb5 Qc6 11. Bd3 b6 12. Nxe5 Qe6 13. f4 Na6 14. Bc4 d5 15. exd5
Qe7 16. d6 Qb7 17. O-O Bf5 18. d7 Nc5 19. Nd6 Qc7 20. Ndxf7 Be6 21. Bxe6 Nxe6 22.
Qb3 Nc5 23. Nh6+ Kh8 24. Qg8+  1-0

[Event "Summer Prague Open 2023 - A"]
[Site "Olympik hotel, Sokolovska 138, Praha"]
[Date "2023.08.06"]
[Round "4"]
[Board "14"]
[White "Walek, Petr"]
[Black "Savidge, Daniel"]
[Result "1-0"]
[WhiteElo "2219"]
[BlackElo "1991"]
[PlyCount "0"]
[EventDate "2023.08.04"]
[EventRounds "9"]
[EventCountry "CZE"]

1. d4 f5 2. g3 Nf6 3. Bg2 e6 4. Nf3 Be7 5. c4 d5 6. b3 Ne4 7. O-O Nc6 8. Bb2 h5 9.
Nc3 h4 10. e3 hxg3 11. hxg3 Bg5 12. cxd5 exd5 13. Nxd5 Be6 14. Nxg5 Bxd5 15. Nxe4
fxe4 16. Qg4 Qd7 17. Qg6+ Kd8 18. Ba3 Ne7 19. Qxg7 Rg8 20. Qf6 c6 21. Rfc1 Ke8 22.
Bh3 Qd8 23. Be6 Bxe6 24. Qxe6 Rg7 25. Rc5 Qd7 26. Qxe4 Kf7 27. Qf4+ Kg8 28. Rg5 Ng6
29. Qf5 Qe8 30. Bd6 Rd8 31. Be5 Nxe5 32. dxe5 Rd5 33. Rxg7+ Kxg7 34. Qf6+ Kg8 35.
Qg5+ Kf7 36. Qh5+ Ke7 37. Qxe8+ Kxe8 38. Kg2 Rxe5 39. Rd1 Ke7 40. g4 c5 41. Kf3 b5
42. Rc1 a5 43. e4 Kd6 44. Ke3 Re8 45. f4 Rh8 46. e5+ Kd5 47. Rd1+ Ke6 48. Rd6+ Ke7
49. Rc6 c4 50. bxc4 b4 51. f5 Rh2 52. f6+ Kd7 53. Rd6+ Ke8 54. e6 b3 55. axb3 a4
56. e7 Kf7 57. Rd8  1-0

[Event "Summer Prague Open 2023 - A"]
[Site "Olympik hotel, Sokolovska 138, Praha"]
[Date "2023.08.06"]
[Round "4"]
[Board "15"]
[White "Kolodziejski, Piotr"]
[Black "Vecera, Dominik"]
[Result "1-0"]
[WhiteElo "2116"]
[BlackElo "2218"]
[PlyCount "0"]
[EventDate "2023.08.04"]
[EventRounds "9"]
[EventCountry "CZE"]

1. e4 c5 2. Nf3 Nc6 3. d4 cxd4 4. Nxd4 Nf6 5. Nc3 e5 6. Ndb5 d6 7. Bg5 a6 8. Na3
b5 9. Nd5 Be7 10. Bxf6 Bxf6 11. c4 b4 12. Nc2 O-O 13. g3 a5 14. h4 g6 15. Bg2 Rb8
16. b3 Bg7 17. h5 Be6 18. Qd2 Rb7 19. Kf1 a4 20. Bh3 gxh5 21. Bf5 Ne7 22. Rxh5 Bxf5
23. exf5 Nxd5 24. Qxd5 Ra7 25. Rd1 axb3 26. axb3 Ra6 27. Qd3 Bf6 28. Nxb4 Ra8 29.
Nd5 Kh8 30. Kg2 Rg8 31. Rdh1 Rg7 32. Nxf6 Qxf6 33. Rh6  1-0

[Event "Summer Prague Open 2023 - A"]
[Site "Olympik hotel, Sokolovska 138, Praha"]
[Date "2023.08.06"]
[Round "4"]
[Board "16"]
[White "Schloffer, Jasmin-Denise"]
[Black "Hinterreiter, Markus"]
[Result "1/2-1/2"]
[WhiteElo "2084"]
[BlackElo "2206"]
[PlyCount "0"]
[EventDate "2023.08.04"]
[EventRounds "9"]
[EventCountry "CZE"]

1. d4 Nf6 2. c4 g6 3. Nc3 d5 4. Nf3 Bg7 5. Bg5 Ne4 6. cxd5 Nxg5 7. Nxg5 e6 8. Qd2
h6 9. Nf3 exd5 10. e3 O-O 11. b4 Qd6 12. Rb1 Re8 13. Bd3 Bg4 14. Be2 Bf5 15. Bd3
Bg4 16. Be2 Bf5 17. Bd3  1/2-1/2

[Event "Summer Prague Open 2023 - A"]
[Site "Olympik hotel, Sokolovska 138, Praha"]
[Date "2023.08.06"]
[Round "4"]
[Board "17"]
[White "Ehrig, Leon Chris"]
[Black "Kratochvil, Vit"]
[Result "1/2-1/2"]
[WhiteElo "1981"]
[BlackElo "2181"]
[PlyCount "0"]
[EventDate "2023.08.04"]
[EventRounds "9"]
[EventCountry "CZE"]

1. e4 c5 2. Nf3 g6 3. c3 d5 4. e5 Bg7 5. d4 Nc6 6. h3 a6 7. a3 Bf5 8. b4 cxd4 9.
cxd4 f6 10. Bb2 Qc7 11. Nc3 Rd8 12. Nh4 Nh6 13. g4 Be4 14. f3 fxe5 15. fxe4 exd4
16. Ne2 dxe4 17. Bg2 Bf6 18. O-O Bxh4 19. Qb3 Qe5 20. Rf4 e3 21. Re4 Bf2+ 22. Kh1
Qf6 23. Rf4 Qg5 24. Qe6 Qb5 25. a4 Qxe2 26. Bxc6+ bxc6 27. Qxc6+ Rd7 28. Qc8+ Rd8
 1/2-1/2

[Event "Summer Prague Open 2023 - A"]
[Site "Olympik hotel, Sokolovska 138, Praha"]
[Date "2023.08.06"]
[Round "4"]
[Board "18"]
[White "Kulhanek, Tomas"]
[Black "Vanduyfhuys, Igor"]
[Result "0-1"]
[WhiteElo "2328"]
[BlackElo "2022"]
[PlyCount "0"]
[EventDate "2023.08.04"]
[EventRounds "9"]
[EventCountry "CZE"]

1. d4 Nf6 2. Nc3 d5 3. Bf4 e6 4. Nb5 Na6 5. e3 c6 6. Nc3 c5 7. a3 cxd4 8. exd4 Bd6
9. Bxd6 Qxd6 10. Nf3 Nc7 11. Bd3 b6 12. Qe2 a5 13. Ne5 O-O 14. Nb5 Nxb5 15. Bxb5
Bd7 16. Nxd7 Nxd7 17. O-O Nf6 18. a4 Ra7 19. Bd3 Re7 20. f4 Rc8 21. c3 Qc6 22. Rfe1
Ne8 23. Qf3 Rcc7 24. Re3 Nd6 25. Qh5 f5 26. g4 g6 27. Qg5 Ne4 28. Bxe4 dxe4 29. h4
Qd6 30. Kf2 Rg7 31. Kg3 h5 32. Qf6 Rcf7 33. Qg5 hxg4 34. Rh1 Qe7 35. Qxe7 Rxe7 36.
Ra1 Rc7 37. Ra3 Rgd7 38. Rb3 Rd6 39. Re1 Kf8 40. Rh1 Ke8 41. Kf2 Kd8 42. Rd1 Kc8
43. Rb5 Kb7 44. Ke3 Rc4 45. Ra1 Ka6 46. Re5 Rcc6 47. Rh1 Rd5 48. h5 gxh5 49. Rxh5
Rxe5 50. dxe5 b5 51. axb5+ Kxb5 52. Rh8 Rb6 53. Rd8 Kc6 54. Rd2 Kc7 55. Kf2 a4 56.
Ke3 Rb3 57. Rd6 Rxb2 58. Rxe6 g3 59. Rg6 a3 60. Rxg3 a2 61. Rg7+ Kb6 62. Rg6+ Kb5
63. c4+ Ka5 64. Rg8 Rb3+ 65. Kd2 Ra3 66. Ra8+ Kb4  0-1

[Event "Summer Prague Open 2023 - A"]
[Site "Olympik hotel, Sokolovska 138, Praha"]
[Date "2023.08.06"]
[Round "4"]
[Board "19"]
[White "Kwon, Sehyun"]
[Black "Deligiannis, Christos Nikolaos"]
[Result "1-0"]
[WhiteElo "2274"]
[BlackElo "2016"]
[PlyCount "0"]
[EventDate "2023.08.04"]
[EventRounds "9"]
[EventCountry "CZE"]

1. e4 c5 2. Nf3 d6 3. Bb5+ Nd7 4. c3 a6 5. Ba4 b5 6. Bc2 Bb7 7. d4 Ngf6 8. Qe2 e6
9. O-O Be7 10. Re1 Qc7 11. Bd3 c4 12. Bc2 e5 13. a4 O-O 14. Na3 Qb6 15. Be3 Ng4 16.
Bd2 Rfc8 17. h3 Ngf6 18. Be3 Qa5 19. Nd2 Bf8 20. axb5 axb5 21. Qf1 Ba6 22. Naxc4
Qc7 23. Na5 b4 24. c4 Bb5 25. Bd3 Rxa5 26. cxb5 exd4 27. Bxd4 Rxa1 28. Rxa1 Nc5 29.
Bxf6 gxf6 30. Bc4 Bh6 31. f4 d5 32. Bxd5 Bxf4 33. Nf3 Ne6 34. Kh1 Rb8 35. Bxe6 fxe6
36. Nd4 Rb6 37. Nc6 Bg5 38. e5 f5 39. Qc4 Kf7 40. Rf1 h5 41. Rxf5+ Kg6 42. Qxe6+
 1-0

[Event "Summer Prague Open 2023 - A"]
[Site "Olympik hotel, Sokolovska 138, Praha"]
[Date "2023.08.06"]
[Round "4"]
[Board "20"]
[White "Pospisil, Evzen"]
[Black "Degenhard, Simon"]
[Result "1/2-1/2"]
[WhiteElo "2019"]
[BlackElo "2242"]
[PlyCount "0"]
[EventDate "2023.08.04"]
[EventRounds "9"]
[EventCountry "CZE"]

1. d4 Nf6 2. Nf3 e6 3. c4 Bb4+ 4. Nbd2 b6 5. g3 Bb7 6. Bg2 O-O 7. O-O Re8 8. Qc2
d5 9. a3 Bf8 10. b3 dxc4 11. Nxc4 Be4 12. Qd1 Qc8 13. Bb2 Nbd7 14. Nfe5 Bxg2 15.
Kxg2 Qb7+ 16. f3 Red8 17. Qe1 c5 18. Nxd7 Nxd7 19. e3 cxd4 20. exd4 Rac8 21. Rc1
Qd5 22. Qe4 Qb5 23. Qe3 Nf6 24. a4 Qd5 25. Qe5 Qb7 26. Ne3 Nd5 27. Rxc8 Qxc8 28.
Rc1 Nxe3+ 29. Qxe3 Qd7 30. Qe5 Bd6 31. Qe4 Be7 32. Qc6 Qxc6 33. Rxc6 Bd6  1/2-1/2

[Event "Summer Prague Open 2023 - A"]
[Site "Olympik hotel, Sokolovska 138, Praha"]
[Date "2023.08.07"]
[Round "5"]
[Board "1"]
[White "Pap, Gyula"]
[Black "Priehoda, Vitezslav"]
[Result "1-0"]
[WhiteElo "2429"]
[BlackElo "2254"]
[PlyCount "0"]
[EventDate "2023.08.04"]
[EventRounds "9"]
[EventCountry "CZE"]

1. e4 c5 2. Nc3 Nc6 3. Nf3 e6 4. Bb5 Nge7 5. d4 cxd4 6. Nxd4 Nxd4 7. Qxd4 a6 8. Be2
Nc6 9. Qe3 Be7 10. Qg3 O-O 11. Bf4 d6 12. h4 Qc7 13. O-O-O Rd8 14. h5 Kf8 15. Rd2
b5 16. a3 Bb7 17. Rhd1 Ne5 18. Kb1 Bc6 19. Rxd6 Bxd6 20. Rxd6 Qxd6 21. Bxe5 Qe7 22.
Qxg7+ Ke8 23. Bf6 Qf8 24. Qxh7 Rdb8 25. h6 Kd7 26. Bg4 Kd6 27. Bf3 Qg8 28. e5+ Kc7
29. Qd3 Rd8 30. h7 Qe8 31. Bxc6  1-0

[Event "Summer Prague Open 2023 - A"]
[Site "Olympik hotel, Sokolovska 138, Praha"]
[Date "2023.08.07"]
[Round "5"]
[Board "2"]
[White "Ahn, Hongjin"]
[Black "Pulpan, Jakub"]
[Result "1-0"]
[WhiteElo "2240"]
[BlackElo "2417"]
[PlyCount "0"]
[EventDate "2023.08.04"]
[EventRounds "9"]
[EventCountry "CZE"]

1. e4 e5 2. Nf3 Nc6 3. d4 exd4 4. Nxd4 Bc5 5. Nb3 Bb6 6. Nc3 Nf6 7. Qe2 d6 8. Be3
Be6 9. O-O-O Qe7 10. f3 O-O-O 11. Bxb6 axb6 12. Nd4 Bd7 13. Ndb5 Be6 14. g3 Rhe8
15. Bg2 h5 16. Rhe1 Kb8 17. Qf1 Na7 18. Nxa7 Kxa7 19. Rd4 Kb8 20. f4 Bd7 21. a4 h4
22. e5 hxg3 23. hxg3 dxe5 24. Rxe5 Be6 25. Rxd8+ Rxd8 26. Kb1 Qd6 27. Rg5 g6 28.
Rb5 Ng4 29. Qf3 c6 30. Rxb6 Qc5 31. Rb3 Ne3 32. Rb5 Qd6 33. Qxe3 cxb5 34. axb5 Qd2
35. Qe5+ Ka8 36. Bf3 Qf2 37. Qe2 Qg1+ 38. Nd1 Qxg3 39. b6 Rxd1+ 40. Qxd1 Qxf4 41.
Qd8+ Qb8 42. Qe7  1-0

[Event "Summer Prague Open 2023 - A"]
[Site "Olympik hotel, Sokolovska 138, Praha"]
[Date "2023.08.07"]
[Round "5"]
[Board "3"]
[White "Itgelt, Khuyagtsogt"]
[Black "Schirm, Friedmar"]
[Result "1-0"]
[WhiteElo "2397"]
[BlackElo "2235"]
[PlyCount "0"]
[EventDate "2023.08.04"]
[EventRounds "9"]
[EventCountry "CZE"]

1. d4 Nf6 2. c4 e6 3. g3 d5 4. Nf3 Be7 5. Bg2 O-O 6. Qc2 c5 7. O-O cxd4 8. Nxd4 Nc6
9. Nxc6 bxc6 10. Rd1 Qb6 11. Be3 Bc5 12. Bxc5 Qxc5 13. Nd2 Rb8 14. Rac1 Qb6 15. b3
d4 16. c5 Qc7 17. Ne4 Nxe4 18. Qxe4 e5 19. Qxc6 Qxc6 20. Bxc6 Be6 21. e3 dxe3 22.
fxe3 Rfd8 23. Rxd8+ Rxd8 24. Bb7 Kf8 25. c6 Bc8 26. b4 Ke7 27. b5 Rf8 28. a4 Kd6
29. a5 Kc7 30. Bxc8 Rxc8 31. Rd1 a6 32. b6+ Kxc6 33. Rc1+ Kb7 34. Rxc8 Kxc8 35. g4
f6 36. Kf2 g6 37. e4 Kb7 38. h3 Kc6 39. Ke3 Kd6 40. h4  1-0

[Event "Summer Prague Open 2023 - A"]
[Site "Olympik hotel, Sokolovska 138, Praha"]
[Date "2023.08.07"]
[Round "5"]
[Board "4"]
[White "Neuman, Petr"]
[Black "Daeschler, Florian"]
[Result "1-0"]
[WhiteElo "2370"]
[BlackElo "2225"]
[PlyCount "0"]
[EventDate "2023.08.04"]
[EventRounds "9"]
[EventCountry "CZE"]

1. e4 e5 2. Nf3 Nc6 3. Bc4 Nf6 4. d3 Be7 5. O-O O-O 6. Re1 d6 7. a4 Na5 8. Ba2 c5
9. Nc3 Nc6 10. Bg5 Nb4 11. Bxf6 Bxf6 12. Bc4 Bg4 13. Bb3 Nc6 14. h3 Bxf3 15. Qxf3
Nd4 16. Qd1 Nxb3 17. cxb3 Bg5 18. a5 f5 19. b4 cxb4 20. Qb3+ Kh8 21. Nd5 Qc8 22.
Re2 fxe4 23. dxe4 Qe6 24. Qxb4 Rf7 25. a6 b6 26. Rc2 Raf8 27. Re1 Bh4 28. Ree2 Qh6
29. Qd2 Qg6 30. Qd3 h5 31. Ne3 Rf3 32. Qd5 Rxh3 33. Nf5 Bf6 34. Red2 h4 35. Qxd6
Rg8 36. Qd7 Rf3 37. Rc8 Rxc8 38. Qxc8+ Kh7 39. Qe6 Rf4 40. Nd6 Rg4 41. f3 Rf4 42.
Qh3 Be7 43. Nf5 Bc5+ 44. Kh2 Qc6 45. Nxh4 Bg1+ 46. Kh1 Bd4 47. Nf5+  1-0

[Event "Summer Prague Open 2023 - A"]
[Site "Olympik hotel, Sokolovska 138, Praha"]
[Date "2023.08.07"]
[Round "5"]
[Board "5"]
[White "von Mettenheim, Johannes"]
[Black "Walek, Petr"]
[Result "0-1"]
[WhiteElo "2316"]
[BlackElo "2219"]
[PlyCount "0"]
[EventDate "2023.08.04"]
[EventRounds "9"]
[EventCountry "CZE"]

1. d4 Nf6 2. c4 e6 3. Nf3 d5 4. cxd5 exd5 5. Nc3 Be7 6. Bf4 O-O 7. e3 Re8 8. Bd3
c6 9. h3 Nbd7 10. Qc2 Nf8 11. O-O Ng6 12. Bh2 Bd6 13. Bxd6 Qxd6 14. Rab1 Bd7 15.
b4 b5 16. a4 a6 17. Rfc1 Re7 18. Qb3 Rae8 19. Bxg6 hxg6 20. Ne5 g5 21. g4 g6 22.
axb5 cxb5 23. Kg2 Kg7 24. Nf3 Rh8 25. Rh1 Bc6 26. Nxg5 Bb7 27. Ne2 Rc8 28. Nf4 Rc4
29. Nd3 Nd7 30. Nf3 Qf6 31. Qd1 Re8 32. Qg1 Rc2 33. Re1 Rec8 34. Qh2 R8c3 35. Rd1
Nb6 36. Qb8 Bc8 37. g5 Qe6 38. Nc5 Rxf2+ 39. Kxf2 Qxe3+ 40. Kg3 Qxf3+ 41. Kh4 Qxh3+
 0-1

[Event "Summer Prague Open 2023 - A"]
[Site "Olympik hotel, Sokolovska 138, Praha"]
[Date "2023.08.07"]
[Round "5"]
[Board "6"]
[White "Beeck, Mats"]
[Black "Peil, Christoph"]
[Result "0-1"]
[WhiteElo "2180"]
[BlackElo "2293"]
[PlyCount "0"]
[EventDate "2023.08.04"]
[EventRounds "9"]
[EventCountry "CZE"]

1. c4 Nf6 2. Nf3 e6 3. g3 b6 4. Bg2 Bb7 5. O-O c5 6. Nc3 Be7 7. d4 cxd4 8. Qxd4 Nc6
9. Qf4 Rc8 10. Rd1 d6 11. b3 O-O 12. Bb2 a6 13. Rac1 Nb8 14. e4 Qc7 15. h3 Rfd8 16.
g4 h6 17. h4 Nbd7 18. g5 Nh5 19. Qe3 Ne5 20. Nd4 hxg5 21. hxg5 Ng6 22. Nce2 Qc5 23.
f4 Nhxf4 24. Nxf4 Bxg5 25. b4 Qxb4 26. Ndxe6 fxe6 27. Qg3 Bxf4 28. Qxg6 Qxb2 29.
Qxe6+ Kh8 30. Qh3+ Bh6 31. Rb1 Qe2  0-1

[Event "Summer Prague Open 2023 - A"]
[Site "Olympik hotel, Sokolovska 138, Praha"]
[Date "2023.08.07"]
[Round "5"]
[Board "7"]
[White "Jurcik, Marian"]
[Black "Kolodziejski, Piotr"]
[Result "1/2-1/2"]
[WhiteElo "2411"]
[BlackElo "2116"]
[PlyCount "0"]
[EventDate "2023.08.04"]
[EventRounds "9"]
[EventCountry "CZE"]

1. e4 c5 2. Nf3 d6 3. d4 cxd4 4. Nxd4 Nf6 5. Nc3 a6 6. Be3 e5 7. Nf3 Be7 8. Bc4 Be6
9. Bb3 Qc7 10. O-O h6 11. Nh4 Bxb3 12. axb3 g6 13. Nf3 Kf8 14. Ne1 Kg7 15. Nd3 Nc6
16. f4 Rae8 17. h3 Bd8 18. Qf3 exf4 19. Nxf4 Ne5 20. Qf2 Qc6 21. Bd4 Rhf8 22. Rae1
Kh7 23. Kh1 a5 24. Qg3 b5 25. Re2 Qd7 26. Ncd5 Nxd5 27. Nxd5 Qe6 28. Nf4 Qe7 29.
Nd5 Qe6 30. Nf4 Qe7 31. Nd3 Nxd3 32. Qxd3 Qd7 33. Bf6 Bxf6 34. Rxf6 Re6 35. Rxe6
fxe6 36. Rd2 Rd8 37. Rf2 Kg7 38. Qc3+ e5 39. Qxa5 d5 40. Qc3 Qd6 41. Qf3 Rd7 42.
Rd2 d4 43. Rf2 Rc7 44. b4 Qe7 45. Kh2 Ra7 46. Qb3 Qd6 47. Rf3 Qc6 48. Qd3 Qc4 49.
Qd2 Rf7 50. Rxf7+ Kxf7 51. b3 Qc6 52. Qd3 Kg7 53. Kg1 Kh7 54. Kf2 Kg7 55. Kg1 Kh7
56. Kf2 Kg7 57. Ke2 Kh7 58. Kd2 Kg7 59. Kc1 Qa6 60. Kb2 Qc6 61. Kb1 Qb7 62. h4 h5
63. Qf3 Qe7 64. Qg3 Qd6 65. Kb2 Qc7 66. Qd3 Qc6 67. g3 Qb7 68. c3 dxc3+ 69. Kxc3
Qc6+ 70. Kd2 Qb6 71. Ke2 Qc6 72. Kf3 Qf6+ 73. Kg2 Qc6 74. Qe3 Qc2+ 75. Kh3 Qc8+ 76.
Kg2 Qc2+ 77. Kh3 Qc8+ 78. Kh2 Qc2+ 79. Kg1 Qd1+ 80. Kf2 Qc2+ 81. Ke1 Qb1+ 82. Kf2
Qc2+ 83. Kf3 Qd1+  1/2-1/2

[Event "Summer Prague Open 2023 - A"]
[Site "Olympik hotel, Sokolovska 138, Praha"]
[Date "2023.08.07"]
[Round "5"]
[Board "8"]
[White "Kanakova, Natalie"]
[Black "Krause, Benedict"]
[Result "1/2-1/2"]
[WhiteElo "2146"]
[BlackElo "2409"]
[PlyCount "0"]
[EventDate "2023.08.04"]
[EventRounds "9"]
[EventCountry "CZE"]

1. Nf3 Nf6 2. c4 g6 3. b3 Bg7 4. Bb2 c5 5. g3 d6 6. Bg2 e5 7. d3 O-O 8. O-O Nc6 9.
Nc3 h6 10. Ne1 Be6 11. Rc1 Rc8 12. Qd2 b6 13. Nc2 d5 14. cxd5 Nxd5 15. Nxd5 Bxd5
16. Ne3 Bxg2 17. Kxg2 Qd7 18. Bc3 Rfd8 19. Qb2 Nd4 20. Rfe1 Qb7+ 21. f3 b5 22. a3
Kh7 23. Ng4 f5 24. Nf2 Rd6 25. h3 Qd5 26. b4 Rdc6 27. bxc5 Rxc5 28. e4 Qc6 29. Bd2
Qf6 30. Rxc5 Rxc5 31. Bc3 fxe4 32. Nxe4 Qxf3+ 33. Kh2 Rc7 34. Qd2 Qxe4 35. Rxe4 Nf3+
36. Kh1 Nxd2 37. Bxd2 Rd7 38. Re3 e4 39. Rxe4 Rxd3 40. Bb4 Rxg3 41. Kh2 Rd3 42. Re7
a5 43. Bxa5 Rxa3 44. Bb4 Rb3 45. Bc5 Rd3 46. Rb7 Rd8 47. Rxb5 Rd5 48. Kg2 g5 49.
Ra5 Kg6 50. Ra6+ Kf5 51. Bf2 Rd2 52. Kf3 h5 53. Ra4 Be5 54. Ra5 g4+ 55. hxg4+ hxg4+
56. Kg2 Kf6 57. Ra6+ Kf7 58. Ra7+ Ke6 59. Ra6+ Kd7 60. Ra7+ Kc6 61. Ra6+ Kb5 62.
Rb6+ Kc4 63. Rc6+ Kd5 64. Rc8 Ke4 65. Rg8 Kf5 66. Kg1 Bf4 67. Kf1 Be5 68. Kg1 Ke4
69. Re8 Rd3 70. Kg2 Rh3 71. Rg8 Rh2+ 72. Kg1 Rh7 73. Rxg4+ Kf3 74. Rb4 Rc7 75. Rb3+
Kg4 76. Rb4+ Kf3  1/2-1/2

[Event "Summer Prague Open 2023 - A"]
[Site "Olympik hotel, Sokolovska 138, Praha"]
[Date "2023.08.07"]
[Round "5"]
[Board "9"]
[White "Vedder, Henk"]
[Black "Pyrig, Roman"]
[Result "1/2-1/2"]
[WhiteElo "2326"]
[BlackElo "2134"]
[PlyCount "0"]
[EventDate "2023.08.04"]
[EventRounds "9"]
[EventCountry "CZE"]

1. e4 c5 2. Nf3 Nc6 3. Nc3 e5 4. Bc4 d6 5. d3 h6 6. Nd2 Nf6 7. Nf1 Be7 8. Ne3 O-O
9. O-O Be6 10. Bd2 Ne8 11. Ncd5 Bg5 12. f4 exf4 13. Nxf4 Bxc4 14. Nxc4 Nf6 15. Nd5
Nxd5 16. exd5 Bxd2 17. dxc6 Bg5 18. cxb7 Rb8 19. Qf3 d5 20. Ne3 Bxe3+ 21. Qxe3 Rxb7
22. b3 Qd6 23. Rf5 Re7 24. Qf3 Re5 25. Rf1 Qe6 26. a4 Re2 27. c4 dxc4 28. bxc4 Re5
29. h3 Rxf5 30. Qxf5 Qe7 31. Rb1 Rd8 32. Qf3 g6 33. Kh1 Kg7 34. a5 Rd6 35. Qg3 Re6
36. Rd1 h5 37. Kh2 h4 38. Qf4 Re5 39. Rb1 Rf5 40. Qe4 Qxe4  1/2-1/2

[Event "Summer Prague Open 2023 - A"]
[Site "Olympik hotel, Sokolovska 138, Praha"]
[Date "2023.08.07"]
[Round "5"]
[Board "10"]
[White "Shehzad, Shazil"]
[Black "Schloffer, Jasmin-Denise"]
[Result "1-0"]
[WhiteElo "2301"]
[BlackElo "2084"]
[PlyCount "0"]
[EventDate "2023.08.04"]
[EventRounds "9"]
[EventCountry "CZE"]

1. d4 Nf6 2. Nc3 d5 3. Bf4 a6 4. e3 Bf5 5. Bd3 Bg6 6. Nf3 e6 7. Ne5 c5 8. h4 Bxd3
9. Qxd3 Nbd7 10. Nxd7 Qxd7 11. f3 Bd6 12. Bxd6 Qxd6 13. O-O-O c4 14. Qe2 O-O-O 15.
e4 Qc6 16. g4 Rhe8 17. e5 Nd7 18. Qd2 b5 19. Ne2 Qb6 20. Qg5 Qa5 21. Kb1 g6 22. h5
Nb6 23. c3 b4 24. cxb4 Qxb4 25. Qd2 Qxd2 26. Rxd2 g5 27. f4 gxf4 28. Rf1 Kd7 29.
Rxf4 Ke7 30. Ng1 Rg8 31. Rdf2 Rdf8 32. Nh3 h6 33. R2f3 Nd7 34. Ra3 Ra8 35. Raf3 Raf8
36. Ra3 Ra8 37. Nf2 f6 38. exf6+ Nxf6 39. Kc2 Rg7 40. Kc1 Rgg8 41. Raf3 Raf8 42.
Kc2 Rh8 43. b3 cxb3+ 44. axb3 Rc8+ 45. Kb2 Rhf8 46. Ka3 Nd7 47. Nd3 Rxf4 48. Nxf4
Nf6 49. Ng6+ Kf7 50. Ne5+ Ke7 51. Ng6+ Kf7 52. Kb4 Rc1 53. Ne5+ Ke7 54. Ka5 Ra1+
55. Kb6 Ra2 56. b4 Ra4 57. Nc6+ Kf7 58. Kc7 Kg7 59. Kd6 Ne4+ 60. Ke7 Ng5 61. Rf8
Ra2 62. Ra8 Rb2 63. Rxa6 e5 64. dxe5 d4 65. Nxd4 Rxb4 66. Nf5+  1-0

[Event "Summer Prague Open 2023 - A"]
[Site "Olympik hotel, Sokolovska 138, Praha"]
[Date "2023.08.07"]
[Round "5"]
[Board "11"]
[White "Kwon, Sehyun"]
[Black "Ivekovic, Tihana"]
[Result "1/2-1/2"]
[WhiteElo "2274"]
[BlackElo "2117"]
[PlyCount "0"]
[EventDate "2023.08.04"]
[EventRounds "9"]
[EventCountry "CZE"]

1. e4 e5 2. Nf3 Nc6 3. Bc4 Nf6 4. d3 Bc5 5. Bg5 d6 6. c3 a6 7. a4 Ba7 8. Nbd2 Qe7
9. b4 Be6 10. Qb3 Bxc4 11. Nxc4 h6 12. Bh4 g5 13. Bg3 Qe6 14. b5 Ne7 15. O-O O-O
16. Rfe1 Nh7 17. d4 h5 18. h4 g4 19. Nh2 exd4 20. Rad1 dxc3 21. Qxc3 axb5 22. axb5
Bc5 23. Qc2 b6 24. Nf1 Ra7 25. Nfe3 Rfa8 26. Nd5 Nxd5 27. Rxd5 Nf6 28. Rdd1 Ra4 29.
Rc1 Ra2 30. Qd3 Bb4 31. Re3 Bc5 32. Ree1 Bb4 33. Re3 Bc5 34. Ree1 Bb4  1/2-1/2

[Event "Summer Prague Open 2023 - A"]
[Site "Olympik hotel, Sokolovska 138, Praha"]
[Date "2023.08.07"]
[Round "5"]
[Board "12"]
[White "Serrano Salvador, Eduardo"]
[Black "Brzezina, Piotr"]
[Result "1-0"]
[WhiteElo "2260"]
[BlackElo "2038"]
[PlyCount "0"]
[EventDate "2023.08.04"]
[EventRounds "9"]
[EventCountry "CZE"]

1. d4 Nf6 2. Nf3 e6 3. Bg5 h6 4. Bh4 c5 5. c3 d5 6. e3 Nbd7 7. Nbd2 Bd6 8. Bd3 b6
9. e4 cxd4 10. Nxd4 Bb7 11. exd5 Bxd5 12. Nc4 Bb8 13. Ne3 Bb7 14. Bb5 a6 15. Bc6
Qc8 16. Qf3 Bxc6 17. Nxc6 Qb7 18. O-O-O g5 19. Qxf6 Qxc6 20. Qxh8+ Ke7 21. Qxh6 gxh4
22. Nd5+ Ke8 23. Nf6+ Nxf6 24. Qh8+  1-0

[Event "Summer Prague Open 2023 - A"]
[Site "Olympik hotel, Sokolovska 138, Praha"]
[Date "2023.08.07"]
[Round "5"]
[Board "13"]
[White "Hinterreiter, Markus"]
[Black "Ehrig, Leon Chris"]
[Result "1-0"]
[WhiteElo "2206"]
[BlackElo "1981"]
[PlyCount "0"]
[EventDate "2023.08.04"]
[EventRounds "9"]
[EventCountry "CZE"]

1. Nf3 e6 2. g3 d5 3. Bg2 Nf6 4. c4 dxc4 5. Qa4+ Nbd7 6. Qxc4 a6 7. Qc2 c5 8. Nc3
Qc7 9. O-O b5 10. a4 b4 11. Nd1 a5 12. d3 Bb7 13. e4 Be7 14. Bf4 e5 15. Bd2 Nb6 16.
Ne3 g6 17. Rfd1 O-O 18. b3 Rfd8 19. Bc1 Rac8 20. Bb2 Nfd7 21. Ng4 Bd6 22. h4 h5 23.
Ne3 Bf8 24. Bh3 Bg7 25. Nd2 Ba6 26. Ndc4 Nxc4 27. dxc4 Bb7 28. Nd5 Bxd5 29. Rxd5
Nb6 30. Rxd8+ Rxd8 31. Rd1 Rd6 32. Bc1 Qd8 33. Rxd6 Qxd6 34. Be3 Bf8 35. Qd2 Qxd2
36. Bxd2 Be7 37. f4 Bf6 38. Be3 exf4 39. Bxc5 Nxa4 40. bxa4 b3 41. Bf1  1-0

[Event "Summer Prague Open 2023 - A"]
[Site "Olympik hotel, Sokolovska 138, Praha"]
[Date "2023.08.07"]
[Round "5"]
[Board "14"]
[White "Minana Menor, Antonio"]
[Black "Matras, Ondrej"]
[Result "0-1"]
[WhiteElo "2093"]
[BlackElo "2192"]
[PlyCount "0"]
[EventDate "2023.08.04"]
[EventRounds "9"]
[EventCountry "CZE"]

1. e4 e6 2. Nf3 d5 3. e5 c5 4. b4 b6 5. c3 Ne7 6. d4 Nec6 7. a3 Be7 8. Bd3 Nd7 9.
Nbd2 O-O 10. Qe2 Qc7 11. h4 h6 12. Bb2 f6 13. exf6 Rxf6 14. b5 Na5 15. g4 c4 16.
Bb1 e5 17. g5 Rf4 18. dxe5 Nc5 19. Rg1 h5 20. Qe3 Rg4 21. Rxg4 Bxg4 22. Nd4 Rf8 23.
f3 Bc8 24. Bc1 Ne6 25. Nxe6 Bxe6 26. Qe2 Bc5 27. Ra2 Bf5 28. Bxf5 Rxf5 29. f4 Rxf4
30. Qxh5 Qxe5+ 31. Kd1 Bf2 32. Nf3 Rxf3 33. Qxf3 Qe1+ 34. Kc2 Nb3 35. Qxd5+ Kh8 36.
Qd8+ Kh7 37. g6+ Kxg6 38. Qg5+ Kh7 39. Qf5+ Kh8 40. Qh5+ Kg8 41. Qd5+ Kh8 42. Qd8+
Kh7 43. Bd2 Qe4+ 44. Kb2 Qe2 45. Qd5 Qxd2+ 46. Qxd2 Nxd2 47. h5 Kh6 48. Kc1 Be3 49.
a4 Kxh5 50. Kd1 Kg4 51. Ke2 Bf4 52. a5 Ne4 53. axb6 axb6 54. Rc2 g5 55. Kf1 Kf3 56.
Kg1 Ke3 57. Kg2 Kd3  0-1

[Event "Summer Prague Open 2023 - A"]
[Site "Olympik hotel, Sokolovska 138, Praha"]
[Date "2023.08.07"]
[Round "5"]
[Board "15"]
[White "Kratochvil, Vit"]
[Black "Deepak Ambattu, Rithvik"]
[Result "1-0"]
[WhiteElo "2181"]
[BlackElo "1960"]
[PlyCount "0"]
[EventDate "2023.08.04"]
[EventRounds "9"]
[EventCountry "CZE"]

1. e4 c5 2. Nf3 g6 3. d4 cxd4 4. Nxd4 Nc6 5. Nc3 Bg7 6. Be3 Nf6 7. Bc4 O-O 8. Bb3
d6 9. f3 Bd7 10. Qd2 Nxd4 11. Bxd4 b5 12. h4 a5 13. h5 a4 14. Bd5 Rc8 15. a3 e6 16.
Ba2 Qc7 17. g4 b4 18. axb4 a3 19. hxg6 axb2 20. Rb1 fxg6 21. Rxb2 Rf7 22. b5 Rb8
23. b6 Qc8 24. Nb5 Bxb5 25. Rxb5 Qc6 26. Qe2 d5 27. e5 Nd7 28. O-O Nxe5 29. Bxe5
Bxe5 30. Qxe5 Rxb6 31. Rxb6 Qxb6+ 32. Kg2 Rc7 33. Bb3 Rc6 34. Ra1 Qb7 35. Ra4 Qc8
36. Ra7 Qf8 37. Rb7 Rc8 38. Qxe6+ Kh8 39. Qe5+  1-0